Η εξέλιξη της κοινωνιολογικής σκέψης

Αποθηκεύτηκε σε:
Λεπτομέρειες βιβλιογραφικής εγγραφής
Κύριος συγγραφέας: Aron, Raymond, 1905-1983
Άλλοι συγγραφείς: Λυκούδης, Μπάμπης (Μεταφραστής)
Μορφή: Βιβλίο
Γλώσσα:Greek
French
Δημοσίευση: Αθήνα : Γνώση, 1993.
Έκδοση:3η εκδ.
Σειρά:Φιλοσοφική και πολιτική βιβλιοθήκη 4
Θέματα:
Ετικέτες: Προσθήκη ετικέτας
Δεν υπάρχουν, Καταχωρήστε ετικέτα πρώτοι!

MARC

LEADER 00000cam a2200000 i 4500
001 1/43023
008 980129s1993 gr | ||| |||| ||gre||
020 |a 960235268X 
035 |a 1997  |c ΓΡΑΜΜΑΤΕΙΑ ΜΥΤΙΛΗΝΗΣ  |l 10041924 
040 |a GR-MyUA  |b gre  |e AACR2 
041 1 |a gre  |h fre 
082 0 |a 301.01 
100 1 |a Aron, Raymond,   |d 1905-1983. 
245 1 2 |a Η εξέλιξη της κοινωνιολογικής σκέψης /   |c Raymond Aron ; μετάφραση Μπάμπης Λυκούδης.  
250 |a 3η εκδ.  
260 |a Αθήνα :   |b Γνώση,   |c 1993.  
300 |a 499 σ. ;   |c 21 εκ.  
490 1 |a (Φιλοσοφική και πολιτική βιβλιοθήκη   |v ; 4)  
500 |a Τίτλος πρωτοτύπου: Les etapes de la pensee sociologique.  
505 0 |a Τ. 2. Ντυρκέμ, Παρέτο, Βέμπερ.  
650 0 0 |a Sociology. 
650 0 0 |a Sociology  |x Philosophy. 
650 0 0 |a Sociology  |x History. 
650 0 0 |a Sociologists. 
700 1 |a Λυκούδης, Μπάμπης,  |e trl 
740 0 2 |a Ντυρκέμ, Παρέτο, Βέμπερ 
830 0 |a Φιλοσοφική και πολιτική βιβλιοθήκη  |v 4 
852 |a INST  |b LESVOS  |e 20141107  |h 301.01 ARO  |p 005100055379  |q 005100055379  |t BK  |y 0  |z τ.Β 
852 |a INST  |b LESVOS  |e 20141107  |h 301.01 ARO  |p 005100055379  |q 005100055379  |t BK  |v τ.Β:  |y 0  |z τ.Β 
852 |a INST  |b SAMOS  |e 19980129  |h 301.01 ARO  |p 005300011906  |q 005300011906  |t BK  |y 0  |z τ.2 
852 |a INST  |b SAMOS  |e 19980129  |h 301.01 ARO  |p 005300011906  |q 005300011906  |t BK  |v τ.2:  |y 0  |z τ.2 
853 |a INST  |b LESVOS  |h 301.01 ARO 
853 |a INST  |b SAMOS  |h 301.01 ARO 
901 |a BIBL-1998-1 
909 |a Σ  |b 051167